|
|
|
|
| LEADER |
00000cam a2200000 a 4500 |
| 001 |
vtls001071763 |
| 003 |
SK-MaSNL |
| 005 |
20260302063846.0 |
| 008 |
160324s1993 xo g 00000 slo |
| 015 |
|
|
|a SNBA1993/06
|
| 020 |
|
|
|a 8085486075
|
| 035 |
|
|
|a SNK000014594
|
| 040 |
|
|
|a SNK
|b slo
|c SNK
|e AACR2
|
| 041 |
1 |
|
|a slo
|
| 044 |
|
|
|a xo
|c SK
|
| 080 |
|
|
|a 22
|2 1981
|
| 245 |
0 |
0 |
|a Svätá biblia
|c preložil Jozef Roháček
|
| 250 |
|
|
|a [1. revid. vyd.]
|
| 260 |
|
|
|a Banská Bystrica
|b Slovenská biblická spoločnosť
|c 1993
|
| 300 |
|
|
|a 1218 s.
|b Mp.
|c 24 cm
|
| 630 |
0 |
7 |
|a Biblia
|2 SNKPH
|9 17043
|
| 700 |
1 |
|
|a Roháček, Jozef,
|d 1877-1962
|4 trl
|9 48182
|
| 919 |
|
|
|a 80-85486-07-5
|
| 958 |
|
|
|a APR
|
| 958 |
|
|
|a TL
|
| 958 |
|
|
|a OP
|
| 958 |
|
|
|a NS
|
| 968 |
|
|
|d Z bibl. orig.
|
| 999 |
|
|
|c 1134424
|d 1136354
|
| 952 |
|
|
|t P60, <04>, [BOOK], {604}
|a SNK
|b SNK
|y VYP
|7 0
|p 17A0021320
|o snkSC 83754 D1
|0 0
|1 0
|4 0
|d 1996-11-11
|l 0
|r 2004-12-31 00:00:00
|w 2026-02-24
|
| 952 |
|
|
|a SNK
|b SNK
|y PREZ
|7 0
|p 17A1009937
|o snkSC 83754
|0 0
|1 0
|4 0
|d 2012-08-17
|l 0
|r 2025-08-21 00:00:00
|w 2026-02-24
|